| 000 | 02194cam a2200385 i 4500 | ||
|---|---|---|---|
| 001 | 18131867 | ||
| 003 | OSt | ||
| 005 | 20240530110538.0 | ||
| 008 | 140425s2015 paua b 001 0 eng | ||
| 010 | _a 2014016625 | ||
| 020 | _a9781451183900 (alk. paper) | ||
| 035 | _a(DNLM)101631303 | ||
| 040 |
_aDNLM/DLC _cDLC _erda _dDLC |
||
| 042 | _apcc | ||
| 050 | 0 | 0 |
_aRB111 _b.E856 2015 |
| 060 | 1 | 0 | _aQZ 4 |
| 082 | 0 | 0 |
_223 _a616.07\ _bS R |
| 245 | 0 | 0 |
_aRubin's pathology : _bclinicopathologic foundations of medicine / _cEditors, Raphael Rubin, M.D., Professor of Pathology, David S. Strayer, M.D., Ph.D., Professor of Pathology, Department of Pathology and Cell Biology, Jefferson Medical College of Thomas Jefferson University Philadelphia, Pennsylvania ; Founder and Consulting Editor, Emanuel Rubin, M.D., Gonzalo Aponte Distinguished Professor of Pathology, Chairman Emeritus of the Department of Pathology and Cell Biology, Jefferson Medical College of Thomas Jefferson University, Philadelphia, Pennsylvania; Associate Editors, Jeffrey E. Saffitz, MD, PhD, Mallinckrodt Professor of Medicine, Harvard Medical School, Chairman, Department of Pathology, Beth Israel Deacones Medical Center, Boston, Massachusetts, Alan L. Schiller, MD, Professor and Chairman, Department of Pathology, John A. Burns School of Medicine University of Hawaii, Honolulu, Hawaii. |
| 246 | 1 |
_aPathology : _bclinicopathologic foundations of medicine |
|
| 250 | _aSeventh edition. | ||
| 264 | 1 |
_aPhiladelphia : _bWolters Kluwer Health, _c[2015] |
|
| 300 |
_axiii, 1602 pages : _bcolor illustrations ; _c29 cm |
||
| 336 |
_atext _2rdacontent |
||
| 337 |
_aunmediated _2rdamedia |
||
| 338 |
_avolume _2rdacarrier |
||
| 504 | _aIncludes bibliographical references and index. | ||
| 650 | 1 | 2 | _aPathologic Processes. |
| 700 | 1 |
_aStrayer, David S. _q(David Sheldon), _d1949- _eeditor. |
|
| 700 | 1 |
_aRubin, Emanuel, _d1928- _eeditor. |
|
| 700 | 1 |
_aSaffitz, Jeffrey E., _eeditor. |
|
| 700 | 1 |
_aSchiller, Alan L., _eeditor. |
|
| 906 |
_a7 _bcbc _corignew _d1 _eecip _f20 _gy-gencatlg |
||
| 942 |
_2ddc _cBK |
||
| 999 |
_c62206 _d62206 |
||